Брошка гімназистки (Запис № 7043)

000 -Маркер запису
Контрольне поле сталої довжини 01738nam a22002657a 4500
003 - Належність контрольного номера
Контрольне поле Uzh_bibl
008 - Кодовані дані
Контрольне поле сталої довжини 230906b |||||||| |||| 00| 0 ukr d
020 ## - Індекс ISBN
ISBN 978-966-03-7113-2
Ціна 178.26
040 ## - Джерело каталогіз.
Код мови каталог. укр.
041 ## - Код мови видання
Код мови оригіналу українська
Код мови тексту українська
080 ## - Індекс УДК
Індекс УДК 821(477)
090 ## - Шифри
Поличний індекс 821(477)
Авторський знак С 16
100 ## - Автор
Автор Саліпа,Ольга
245 ## - Назва
Назва Брошка гімназистки
Відповідальність худож.-оформлювач М.С.Мендор
Фізичний носій Текст
260 ## - Вихідні дані
Місце видання Харків
Видавництво Фоліо
Дата видання 2022
300 ## - Фізичний опис
Обсяг 318 с.
Тип одиниці В опр.
490 ## - Серія
Назва серії Серія"Ретророман"
520 ## - Анотація
Анотація Наталія Харюзова, директорка приватного жіночого пансіонату в Проскурові, понад усе мріє, щоб заклад отримав статус гімназії. Бездоганна репутація — запорука успіху в цій справі. Але провокації недругів усе можуть звести на пси. Пансіонат опиняється у центрі політичних злочинів, а сестра директорки тікає від її надмірної опіки з коханим. Чи зможе Харюзова, яка й сама опиняється під арештом, вистояти і здійснити свою мрію? І головне — хто ж у цій історії справді на її боці?
521 ## - Примітка про цільове призначення
Примітка про цільове призначення Для широкого кола читачів
546 ## - Примітка про мову
Примітка про мову укр.
650 ## - Тематичні рубрики
Основна рубрика Літературно-художне видання
653 ## - Ключові слова
Ключові слова Пансіонат
-- Злочин
-- Мрія
655 ## - Термін індексування — жанр/форма
Жанр/форма Детектив
Типове ділення роман
942 ## - ADDED ENTRY ELEMENTS (KOHA)
Джерело класифікації чи схема поличного розташування
Koha item type Книги
Фонди
Статус вилучення Статус втрати/відсутності Джерело класифікації чи схема поличного розташування Статус пошкодження Тип обігу (не для випозичання) Постійне розташування Поточне розташування Дата надходження Джерело надходження (постачальник) Інвентарний номер Total Checkouts Повний (примірниковий) шифр зберігання Штрих-код Date last seen Дата, для якої чинна ціна заміни Тип одиниці (рівень примірника)
          Бібліотека-філія №3 Бібліотека-філія №3 24/07/2023 міс.бюджет 77378   821(477) 7577 06/09/2023 06/09/2023 Книги

Працює на АБІС Коха